| Tag |
First Indicator |
Second Indicator |
Subfields |
| LEADER |
00000pam a2200000 a 4500 |
| 001 |
in00000082766 |
| 005 |
20151008054223.0 |
| 008 |
810604s1981 hiu b s00110 eng |
| 010 |
|
|
|a 81010461
|
| 020 |
|
|
|a 0824807103 :
|c $22.50
|
| 020 |
|
|
|a 082480757X (pbk.) :
|c $9.95
|
| 035 |
|
|
|a (OCoLC)07572849
|
| 035 |
|
|
|9 AAJ0006AM
|
| 039 |
0 |
|
|a 2
|b 3
|c 3
|d 3
|e 3
|
| 040 |
|
|
|a DLC
|c DLC
|d TXA
|d UtOrBLW
|
| 043 |
|
|
|a a-cc---
|a n-us---
|
| 049 |
|
|
|a TXAM
|c [1672289]
|
| 050 |
0 |
0 |
|a DS721
|b .H685 1981
|
| 082 |
0 |
|
|a 951
|2 19
|
| 100 |
1 |
|
|a Hsu, Francis L. K.,
|d 1909-1999.
|
| 245 |
1 |
0 |
|a Americans and Chinese :
|b passage to differences /
|c Francis L.K. Hsu.
|
| 250 |
|
|
|a 3rd ed.
|
| 264 |
|
1 |
|a Honolulu :
|b University Press of Hawaii,
|c [1981]
|
| 264 |
|
4 |
|c ©1981
|
| 300 |
|
|
|a xxviii, 534 pages ;
|c 24 cm.
|
| 336 |
|
|
|a text
|b txt
|2 rdacontent
|
| 337 |
|
|
|a unmediated
|b n
|2 rdamedia
|
| 338 |
|
|
|a volume
|b nc
|2 rdacarrier
|
| 500 |
|
|
|a Includes indexes.
|
| 504 |
|
|
|a Bibliography: pages [505]-521.
|
| 651 |
|
0 |
|a China
|x Civilization.
|
| 651 |
|
0 |
|a United States
|x Civilization
|y 20th century.
|
| 999 |
|
|
|a MARS
|
| 999 |
f |
f |
|s 6aee7804-8863-3bf7-b618-e0bede4421ee
|i 6630175d-fc3b-3f66-ba5b-4ca7f910da3a
|t 0
|
| 952 |
f |
f |
|p ric
|a Texas A&M University
|b Rellis Campus
|c Joint Library Facility
|d Remote Storage
|t 0
|e DS721 .H685 1981
|h Library of Congress classification
|i unmediated -- volume
|m A14806102124
|
| 998 |
f |
f |
|a DS721 .H685 1981
|t 0
|l Remote Storage
|